Trang bị điện - điện tử Máy in Offset

Na minha lista:
Detalhes bibliográficos
Autor principal: VŨ QUANG HỒI
Formato: Livro
Idioma:Undetermined
Publicado em: Hà Nội KHKT 2001
Assuntos:
Tags: Adicionar Tag
Sem tags, seja o primeiro a adicionar uma tag!
Thư viện lưu trữ: Trung tâm Học liệu Trường Đại học Cần Thơ
LEADER 00482nam a2200181Ia 4500
001 CTU_47609
008 210402s9999 xx 000 0 und d
082 |a 681.62 
082 |b H452 
100 |a VŨ QUANG HỒI 
245 0 |a Trang bị điện - điện tử 
245 0 |b Máy in Offset 
245 0 |c VŨ QUANG HỒI 
260 |a Hà Nội 
260 |b KHKT 
260 |c 2001 
650 |a printers 
980 |a Trung tâm Học liệu Trường Đại học Cần Thơ